[Event "FSIM March"]
[Site "Budapest HUN"]
[Date "2004.03.13"]
[Round "8"]
[White "Kahn,E"]
[Black "Cernousek,L"]
[Result "1-0"]
[WhiteElo "2292"]
[BlackElo "2375"]

1.Nf3 d5 2.g3 c5 3.Bg2 Nf6 4.O-O g6 5.c3 Bg7 6.d4 cxd4 7.cxd4 Ne4 8.Ng5 Nxg5
9.Bxg5 Qb6 10.Nc3 e6 11.e4 h6 12.Be3 dxe4 13.d5 Qa5 14.Nxe4 exd5 15.Nd6+ Ke7
16.Bxd5 Rd8 17.b4 Qc7 18.Nxc8+  1-0

[Event "Degremont GP"]
[Site "Clichy FRA"]
[Date "2004.03.13"]
[Round "1.1"]
[White "Relange,E"]
[Black "Collas,D"]
[Result "1/2-1/2"]
[WhiteElo "2505"]
[BlackElo "2436"]

1.Nf3 d5 2.g3 c6 3.Bg2 Bg4 4.c4 e6 5.cxd5 exd5 6.O-O Nf6 7.d3 Nbd7 8.Nc3 Be7
9.Rb1 a5 10.a3 O-O 11.b4 axb4 12.axb4 Nb6 13.Nd4 Qd7 14.Be3 Nc8 15.Na4 b5
16.Nc5 Bxc5 17.bxc5 Ne7 18.Bg5 Ra4 19.Bxf6 gxf6 20.Nc2 Bh3 21.Qd2 Kg7 22.Rb4 Rfa8
23.Rfb1 Ng6 24.Nd4 Rxb4 25.Qxb4 Ra4 26.Qc3 Nf4 27.Bf3 Ne6 28.Nxe6+ fxe6 29.Bg2 e5
30.Ra1 Bxg2 31.Rxa4 bxa4 32.Kxg2 Qa7 33.Qb4 a3 34.Qg4+ Kf7 35.Qh3 Kg7 36.Qg4+ Kf7
37.Qh3 Qxc5 38.Qxh7+ Ke8 39.Qg8+ Kd7 40.Qa8 Qb4 41.Qa7+ Kd6 42.Qf7 Qb2 43.Qxf6+ Kc7
44.Qe7+ Kb6 45.Qd8+ Kb7 46.Qd7+ Kb6 47.Qd8+ Kb7  1/2-1/2

[Event "TCh-SWE 2003-4"]
[Site "Goteborg SWE"]
[Date "2004.03.13"]
[Round "10"]
[White "Schneider,LA"]
[Black "Steneskog,P"]
[Result "1-0"]
[WhiteElo "2385"]
[BlackElo "2217"]

1.Nf3 d5 2.g3 c5 3.Bg2 Nc6 4.d4 e6 5.O-O Nf6 6.c4 Be7 7.cxd5 exd5 8.dxc5 Bxc5
9.Bg5 d4 10.Nbd2 O-O 11.Rc1 Be7 12.Nb3 Be6 13.Nfxd4 Nxd4 14.Qxd4 Qxd4 15.Nxd4 Bxa2
16.Rc7 Bd6 17.Rxb7 Rab8 18.Rxa7 Bc4 19.Ra4 Bb5 20.Nxb5 Rxb5 21.Bxf6 gxf6
22.Rb1 Rfb8 23.Ra8 Rxa8 24.Bxa8 f5 25.e3 Kg7 26.Bc6 Rc5 27.Bf3 Kf6 28.Kf1 Rb5
29.Be2 Rb8 30.Bc4 Rb7 31.b3 Ra7 32.Rd1 Be5 33.Rd5 Rc7 34.Ke2 Ra7 35.Rb5 Ra2+
36.Kf3 Ra7 37.Rb6+ Kg7 38.b4 Rd7 39.b5 h5 40.h4 Bd6 41.Rc6 Kf6 42.b6 Ke5
43.Ba6 Rd8 44.b7 Rb8 45.Ke2 Kd5 46.Rc8 Ke6 47.f4 Kd7 48.Bb5+ Ke7 49.Bc6 Kf6
50.Kd3  1-0

[Event "Dos Hermanas Internet Final"]
[Site "ICC INT"]
[Date "2004.03.13"]
[Round "1.2"]
[White "Ibrahimov,R"]
[Black "Gustafsson,J"]
[Result "0-1"]
[WhiteElo "2468"]
[BlackElo "2572"]

1.Nf3 d5 2.g3 Bg4 3.Bg2 Nd7 4.O-O e6 5.c4 Ngf6 6.b3 Bd6 7.Bb2 O-O 8.d3 c6
9.Na3 Qe7 10.Nc2 a5 11.a3 Rfe8 12.Ne3 Bh5 13.Qc1 Qf8 14.Re1 Bc7 15.Bc3 e5
16.d4 e4 17.Nd2 Bg6 18.b4 b5 19.cxb5 cxb5 20.bxa5 Bxa5 21.Bxa5 Rxa5 22.Bh3 Nb6
23.Nb3 Raa8 24.Qc6 Nc4 25.Nxd5 Nxd5 26.Qxd5 Nxa3 27.e3 b4 28.Rac1 Qe7 29.Rc5 Rad8
30.Qc6 h6 31.Rec1 Qd6 32.Qa4 Rb8 33.Rc6 Qd8 34.Rc8 Qe7 35.R8c7 Qd8 36.R1c6 Qd5
37.Rc5 Qd8 38.Rc8 Qe7 39.Re5 Qxe5 40.dxe5 Rbxc8 41.Bxc8 Rxc8 42.Qxb4 Nc4
43.Nd4 Nxe5 44.Kg2 Re8 45.Qb5 f6 46.h3 h5 47.Qd5+ Kh7 48.Ne6 Bf7 49.Qxe4+ Bg6
50.Qd5 Bf7 51.Qe4+ Bg6 52.Qd5 Bf7 53.f4 Bxe6  0-1

[Event "Koenigsspringer IM"]
[Site "Hamburg GER"]
[Date "2004.03.14"]
[Round "9"]
[White "Svetushkin,D"]
[Black "Hochgraefe,M"]
[Result "1-0"]
[WhiteElo "2553"]
[BlackElo "2327"]

1.g3 d5 2.Nf3 Nf6 3.Bg2 c6 4.O-O Bg4 5.b3 e6 6.Bb2 Nbd7 7.d3 Be7 8.Nbd2 O-O
9.e4 a5 10.a3 Bh5 11.h3 h6 12.Qe1 Ne8 13.Nh2 Bg6 14.f4 Nc7 15.Nhf3 Bh7 16.g4 Bf6
17.e5 Be7 18.Qg3 f5 19.g5 Kf7 20.Rae1 h5 21.c4 g6 22.Rc1 Bg8 23.Rc2 Kg7 24.Rfc1 Kh7
25.Kh2 Bf7 26.Nd4 Nb6 27.c5 Nc8 28.Nb1 Be8 29.Qe1 Bd7 30.Ne2 Ne8 31.Bd4 Ra6
32.Nec3 Ng7 33.h4 Qe8 34.Na4 Bd8 35.Nbc3 Bc7 36.Rb1 Na7 37.Bf2 Nb5 38.Qc1 Nxc3
39.Rxc3 Qb8 40.Nb6 Rf7 41.a4 Bd8 42.b4 axb4 43.Rxb4 Be8 44.Ra3 Ra5 45.Rbb3 Qc7
46.d4 Ra7 47.a5 Bd7 48.Be1 Bc8 49.Bf1 Qb8 50.Qb2 Ne8 51.a6 Kg8 52.Ba5 Bc7
53.Nxc8 Qxc8 54.axb7  1-0

[Event "70th ch-BLR"]
[Site "Minsk BLR"]
[Date "2004.03.14"]
[Round "11"]
[White "Zhigalko,A"]
[Black "Zhigalko,S"]
[Result "1-0"]
[WhiteElo "2491"]
[BlackElo "2493"]

1.Nf3 d5 2.g3 Nf6 3.Bg2 e6 4.O-O Be7 5.d3 c5 6.Nbd2 Nc6 7.e4 O-O 8.Re1 b5
9.a4 bxa4 10.Rxa4 a5 11.Nf1 Rb8 12.b3 Rb4 13.exd5 exd5 14.Ra1 Be6 15.Ne3 h6
16.Ba3 Rb8 17.d4 Qb6 18.Qd3 Rfe8 19.Bxc5 Bxc5 20.dxc5 Qxc5 21.Red1 Ne4 22.Nd4 Nb4
23.Qf1 Bc8 24.Bf3 Ba6 25.Qg2 Nc3 26.Rd2 Ne4 27.Bxe4 dxe4 28.Ndf5 Re6 29.Rad1 Nc6
30.Nd6 Qb4 31.Nd5 Qc5 32.Nc7 Rxd6 33.Nxa6 Rxd2 34.Rxd2 Qc3 35.Nxb8 Qxd2 36.Nxc6 Qxc2
37.Nxa5 e3 38.Qa8+ Kh7 39.fxe3 Qd1+ 40.Kf2 Qc2+ 41.Kf3 Qxh2 42.Qe4+ g6 43.Nc4 Qg1
44.Qf4 Kg7 45.Ke2 Qg2+ 46.Kd3 h5 47.b4 Qa2 48.Qe5+ Kh6 49.Qb2 Qa8 50.b5 Qd5+
51.Kc3 Kg5 52.b6 Qb7 53.Qf2 Kg4 54.Qxf7 Qa8 55.Qa7 Qh8+ 56.Kb3 Qd8 57.Qd7+  1-0

[Event "21st Open"]
[Site "Reykjavik ISL"]
[Date "2004.03.15"]
[Round "8"]
[White "Sigurdsson,J"]
[Black "Thorfinnsson,Bj"]
[Result "0-1"]
[WhiteElo "2002"]
[BlackElo "2340"]

1.Nf3 d5 2.g3 Nc6 3.d4 Bg4 4.Bg2 e6 5.b3 Nf6 6.O-O Be7 7.Ne5 Nxe5 8.dxe5 Nd7
9.Bb2 c6 10.Nd2 Qc7 11.Nf3 h5 12.Qd4 g5 13.Qe3 Rg8 14.Rfe1 Bf5 15.c4 Be4
16.cxd5 exd5 17.Nd4 Bxg2 18.Kxg2 Qxe5 19.Qxe5 Nxe5 20.Nb5 cxb5 21.Bxe5 Rg6
22.Red1 Rd8 23.Bd4 a6 24.Rac1 Rc6 25.Bb2 Rdc8 26.Rb1 Rc2 27.Rxd5 Rxe2 28.Re5 Rcc2
29.Rxe2 Rxe2 30.Kf1 Rd2 31.a3 Rd3 32.Re1 Kd7 33.Re3 Rd2 34.Re2 Rd5 35.b4 g4
36.Ke1 Bg5 37.Bc3 b6 38.Rc2 f5 39.Ke2 Rd6 40.Bb2 Rc6 41.Bc3 f4 42.f3 Ke6
43.Kd3 fxg3 44.fxg4 gxh2 45.Re2+ Kf7 46.Rxh2 hxg4 47.Rg2 Bf6 48.Bxf6 Rxf6
49.Rxg4 Rf3+ 50.Kc2 Rxa3 51.Rd4 Ra4 52.Kc3 a5 53.Rd6 Rxb4 54.Rxb6 Ke7 55.Ra6 Rc4+
56.Kb3 a4+ 57.Kb2 Kd7 58.Rb6 Rb4+ 59.Ka2 Kc7 60.Ra6 Kb7 61.Rh6 Rc4 62.Ka3 Rc3+
63.Kb2 Rc6 64.Rh4 Rb6  0-1

[Event "FSGM March"]
[Site "Budapest HUN"]
[Date "2004.03.16"]
[Round "11"]
[White "Vajda,L"]
[Black "Drabke,L"]
[Result "1-0"]
[WhiteElo "2482"]
[BlackElo "2439"]

1.Nf3 d5 2.g3 c6 3.Bg2 Bg4 4.h3 Bh5 5.O-O Nd7 6.d3 e6 7.Nbd2 Bd6 8.e4 Ne7
9.Re1 O-O 10.g4 Bg6 11.e5 Bc7 12.Nf1 c5 13.Bg5 Qe8 14.Bh4 Nc6 15.Bg3 Qb8
16.Qe2 b5 17.a3 Re8 18.Rad1 a5 19.c4 bxc4 20.dxc4 d4 21.Nh4 Ra6 22.f4 Bd8
23.Qf2 Qb3 24.Rc1 a4 25.f5 exf5 26.gxf5 Bh5 27.e6 Nf6 28.Bd6 Be7 29.Bf4 Na5
30.Ng3 fxe6 31.fxe6 Ra7 32.Be5 Rf8 33.Nhf5 Bg6 34.Rf1 Qb6 35.Bd5 Nc6 36.Bxf6 Rxf6
37.Qg2 Bxf5 38.Rxf5 Rg6 39.Bxc6 Qc7 40.Rf3 Qxc6 41.Rf8+ Bxf8 42.Qxc6 Rxg3+
43.Kh2 Rb3 44.Qc8 Rf3 45.Kg2 Rf5 46.e7 Rg5+ 47.Kh1 Rxe7 48.Rf1  1-0

[Event "ch-VIE"]
[Site "Dalat City VIE"]
[Date "2004.03.17"]
[Round "8"]
[White "Nguyen Anh Dung"]
[Black "Dao Thien Hai"]
[Result "1/2-1/2"]
[WhiteElo "2535"]
[BlackElo "2583"]

1.Nf3 d5 2.g3 c6 3.Bg2 Bg4 4.O-O Nd7 5.d3 Ngf6 6.Nbd2 e6 7.h3 Bh5 8.b3 Bd6
9.Bb2 O-O 10.a4 Qe7 11.Re1 Rfe8  1/2-1/2

[Event "ch-VIE"]
[Site "Dalat City VIE"]
[Date "2004.03.17"]
[Round "8"]
[White "Bao Quang"]
[Black "Tran Anh Tri"]
[Result "1-0"]
[WhiteElo "2315"]
[BlackElo "2350"]

1.Nf3 d5 2.g3 Nf6 3.Bg2 c6 4.O-O Bf5 5.d3 e6 6.c3 Be7 7.Nbd2 h6 8.b4 a5 9.bxa5 Qxa5
10.Qc2 O-O 11.Nb3 Qa4 12.Bd2 Nbd7 13.Rfb1 e5 14.h3 e4 15.Nfd4 Bh7 16.Bf1 exd3
17.exd3 g5 18.Nf3 g4 19.Nh2 h5 20.Bh6 Rfe8 21.Qd2 Bg6 22.Nd4 Nc5 23.hxg4 hxg4
24.Bg5 Rab8 25.Re1 Ncd7 26.Nxg4 Nxg4 27.Rxe7 Rxe7 28.Bxe7 Nde5 29.Qf4 Re8
30.Bd6 b6 31.f3 c5  1-0

[Event "TCh-AUT 2003-4"]
[Site "Jenbach AUT"]
[Date "2004.03.18"]
[Round "8"]
[White "Kleissl,H"]
[Black "Ljubic,J"]
[Result "1-0"]
[WhiteElo "2311"]
[BlackElo "2241"]

1.Nf3 d5 2.g3 Nf6 3.Bg2 e6 4.c4 Be7 5.O-O O-O 6.b3 c5 7.e3 b6 8.cxd5 Nxd5
9.d4 Nd7 10.e4 Nc7 11.Nc3 cxd4 12.Nxd4 Bb7 13.Bb2 a5 14.Re1 Nc5 15.Rc1 Qd7
16.Rc2 Rfd8 17.Rd2 Qe8 18.Ba1 Rd7 19.Qg4 Bf8 20.Red1 Rad8 21.Qe2 g6 22.Qe3 Bg7
23.Bf1 Ba6 24.Bg2 Bb7 25.h4 h5 26.Bb2 Kh7 27.Nf3 Kg8 28.Na4 Bxb2 29.Rxd7 Rxd7
30.Rxd7 Qxd7 31.Nxb2 Bxe4 32.Ne5 Qd5 33.Qf4 f5 34.Nxg6 Kf7 35.Ne5+ Ke8 36.Nf3 Kd7
37.Nc4 Kc6 38.Ne3 Qd6 39.Ne5+ Kb7 40.N3c4 Qd1+ 41.Kh2 Bxg2 42.Kxg2 Ne4 43.Qf3 Qxf3+
44.Kxf3 Nd5 45.Nd3 Kc6 46.Nce5+ Kd6 47.Nc4+ Kc6 48.Ne3 Ndc3 49.Kf4 Nxa2 50.f3 Nc5
51.Nxc5 Kxc5 52.g4 Nc1 53.gxh5 Kd6 54.h6 Nd3+ 55.Kg5 Ke7 56.h7 Ne5 57.Nc4 Nf7+
58.Kg6 Kf8 59.Nxb6 e5 60.Kxf5 Kg7 61.Nc4  1-0

[Event "German Cup Final Indiv"]
[Site "Efurt GER"]
[Date "2004.03.20"]
[Round "2"]
[White "Darius,H"]
[Black "Asendorf,J"]
[Result "0-1"]
[WhiteElo "2161"]
[BlackElo "2274"]

1.Nf3 d5 2.g3 Nf6 3.Bg2 c5 4.c4 e6 5.O-O Be7 6.b3 Nc6 7.Bb2 O-O 8.d3 b6 9.Nbd2 Bb7
10.cxd5 Nxd5 11.Ne4 Rc8 12.a3 Re8 13.h4 h6 14.Rc1 f5 15.Nc3 Bf6 16.Nd2 f4
17.Nxd5 Bxb2 18.Nxf4 Bxc1 19.Qxc1 Na5 20.Bh3 Qf6 21.Nc4 Nxb3 22.Qd1 Nd4 23.Nd6 e5
24.Nxe8 Rxe8 25.Ng2 Qc6 26.e3 Nf3+ 27.Kh1 Rf8 28.e4 Qb5 29.Ne3 Nd4 30.Bg2 Qb3
31.Qh5 Qxd3 32.Qxe5 Qxa3 33.Nd5 Qd3 34.Nf4 Qc4 35.Ng6 Ra8 36.h5 Qf7 37.Qd6 Re8
38.f3 Qf5 39.Qd7 Qf7 40.Qa4 Bc6 41.Qa3 a5 42.Rb1 Qc7 43.Kh2 Bd7 44.Qb2 b5
45.Rc1 Qb6 46.f4 Bg4 47.Ne5 Rxe5 48.fxe5 Bxh5 49.e6 Nxe6 50.Qe5 Bf7 51.Rf1 Qc7
52.Qd5 Ng5 53.Qa8+ Kh7 54.Qf8 Bg6 55.Qa8 Bf7 56.Rf5 b4 57.e5 b3 58.Rxg5 hxg5
59.Be4+ g6 60.Qf8 c4 61.Bc6 c3 62.Be8 Bxe8 63.Qxe8 c2 64.e6 c1=Q 65.e7 Q1c2+
66.Kh3 Qf5+  0-1

[Event "5th ch-EURw"]
[Site "Dresden GER"]
[Date "2004.03.22"]
[Round "2"]
[White "Lauterbach,I"]
[Black "Hielscher,U"]
[Result "1-0"]
[WhiteElo "2171"]
[BlackElo "1974"]

1.Nf3 d5 2.g3 c5 3.Bg2 Nc6 4.O-O e5 5.d3 f6 6.Nbd2 Be6 7.e4 Qd7 8.Nh4 Nge7
9.Qh5+ Bf7 10.Qe2 Nd4 11.Qd1 O-O-O 12.Nb3 Nxb3 13.axb3 Kb8 14.f4 Nc6 15.Qe1 dxe4
16.Bxe4 Bd5 17.fxe5 fxe5 18.Nf3 Bxe4 19.Qxe4 Bd6 20.Ng5 Rhf8 21.Rxf8 Rxf8
22.Nxh7 Rf5 23.g4 Rf7 24.Ng5 Rf8 25.c3 Bc7 26.Be3 Qe7 27.Rf1 Rxf1+ 28.Kxf1 Qd8
29.Ke2 Qh8 30.Qg2 Qg8 31.Bxc5 Qxb3 32.Ke3 Qd1 33.Ne4 Qc1+ 34.Qd2 Qg1+ 35.Kf3 Qh1+
36.Kg3 Bb6 37.Bxb6 axb6 38.Qe3 Qb1 39.b4 Kc7 40.h4 Qb3 41.h5 Qf7 42.Nd2 Qe7
43.Nc4 Qf6 44.Qxb6+ Kc8 45.Qe3 Qd8 46.b5 Nb8 47.Qc5+ Nc6 48.Nxe5  1-0

[Event "14th Asian Cities"]
[Site "Tagaytay City PHI"]
[Date "2004.03.22"]
[Round "3"]
[White "Al Halila,A"]
[Black "Murali Krishnan,B"]
[Result "0-1"]
[WhiteElo "2050"]
[BlackElo "2319"]

1.Nf3 d5 2.g3 c6 3.Bg2 Bg4 4.d4 Nd7 5.Nbd2 Ngf6 6.h3 Bh5 7.O-O e6 8.c4 Be7
9.Re1 O-O 10.a3 Ne4 11.Nxe4 dxe4 12.Nh2 f5 13.Qb3 Qb6 14.Qc3 Bf6 15.e3 c5
16.g4 cxd4 17.exd4 Bxd4 18.Qd2 fxg4 19.Rxe4 Bxf2+ 20.Kh1 Nc5 21.Re5 gxh3
22.Bxh3 Rad8 23.Rxh5 Rxd2 24.Bxd2 Ne4 25.Nf1 Bd4 26.Rh4 Nf2+ 27.Kh2 Be5+
28.Ng3 Nxh3 29.Kxh3 Bxg3 30.Rg4 Be5  0-1

[Event "14th Asian Cities"]
[Site "Tagaytay City PHI"]
[Date "2004.03.22"]
[Round "3"]
[White "Jones,B"]
[Black "Al Sulaiti,G"]
[Result "1-0"]
[WhiteElo "2176"]
[BlackElo "2065"]

1.Nf3 d5 2.g3 Bg4 3.Bg2 Nf6 4.c4 Bxf3 5.Bxf3 c6 6.cxd5 cxd5 7.Nc3 e6 8.O-O Nc6
9.d3 Bc5 10.Bd2 Rc8 11.Rc1 Qe7 12.Bg5 Bd4 13.e3 Be5 14.d4 Bb8 15.Qe2 h6 16.Bf4 g5
17.Bxb8 Rxb8 18.Na4 h5 19.Nc5 h4 20.a3 e5 21.dxe5 Nxe5 22.Rfd1 Rd8 23.g4 h3
24.Kh1 Rh4 25.Rg1 Kf8 26.Nb3 Qd7 27.Nd4 Nfxg4 28.Rg3 f6 29.Rc7 Qxc7 30.Ne6+ Ke7
31.Nxc7 Nxf3 32.Qxf3 Ne5 33.Qf5 Rd6 34.Rxh3 Rxh3 35.Qxh3 Kd8 36.Ne6+ Ke7
37.Nd4 Rb6 38.b4 g4 39.Qh7+ Kd6 40.Qg8 a6 41.Qe6+ Kc7 42.Qxd5 Rd6 43.Qc5+ Kd7
44.Kg2 b6 45.Qc2 b5 46.Qh7+ Kc8 47.Qe7  1-0

[Event "TCh-BEL 2003-4"]
[Site "Belgium BEL"]
[Date "2004.03.23"]
[Round "11"]
[White "Hausrath,D"]
[Black "Hommeles,T"]
[Result "1/2-1/2"]
[WhiteElo "2452"]
[BlackElo "2375"]

1.Nf3 d5 2.g3 Nf6 3.Bg2 e6 4.d4 Be7 5.c4 O-O 6.Qc2 c6 7.O-O Nbd7 8.Rd1 b6
9.b3 Ba6 10.Nbd2 Rc8 11.e4 c5 12.exd5 exd5 13.Nf1 dxc4 14.d5 cxb3 15.axb3 Bxf1
16.Bxf1 Qc7 17.Bf4 Bd6 18.Bxd6 Qxd6 19.Rxa7 Ra8 20.Rxa8 Rxa8 21.Nd2 Qe5 22.Nc4 Qh5
23.Be2 Qh3 24.Bf1 Qh5 25.Be2  1/2-1/2

[Event "5th ch-EURw"]
[Site "Dresden GER"]
[Date "2004.03.26"]
[Round "6"]
[White "Foisor,C"]
[Black "Stefanova,A"]
[Result "0-1"]
[WhiteElo "2404"]
[BlackElo "2478"]

1.Nf3 d5 2.g3 Nc6 3.d4 Bf5 4.c3 Qd7 5.Nbd2 Nf6 6.h3 Ne4 7.Bg2 h6 8.Nxe4 Bxe4
9.O-O g5 10.b4 Bg7 11.a4 a6 12.Be3 O-O 13.Qd2 f5 14.Ne1 Bxg2 15.Nxg2 e5 16.f4 gxf4
17.gxf4 exd4 18.Bxd4 Bxd4+ 19.cxd4 Kh8 20.e3 Rg8 21.b5 Nd8 22.Qe2 Nf7 23.Kh2 Nd6
24.Rg1 axb5 25.Qh5 Kh7 26.Nh4 Qe8 27.Qxe8 Rgxe8 28.axb5 Rxa1 29.Rxa1 Rxe3
30.Rc1 Nxb5 31.Nxf5 Rf3 32.Re1 Rxf4 33.Re5 c6 34.Kg3 Re4 35.Rxe4 dxe4 36.Kf4 Nc3
37.Nd6 b5 38.Nb7 b4 39.Na5 Kg7 40.Ke3 Kf6 41.Kd2 Nd5 42.Nxc6 e3+ 43.Kd3 b3
44.Ne5 Kf5 45.Nc4 h5 46.Nb2 Kf4 47.h4 Kf3 48.Kc4 e2 49.Nd3 Nf4  0-1

[Event "5th ch-EURw"]
[Site "Dresden GER"]
[Date "2004.03.26"]
[Round "6"]
[White "Bashkite,V"]
[Black "Mamedjarova,Z"]
[Result "1-0"]
[WhiteElo "2131"]
[BlackElo "2341"]

1.Nf3 d5 2.g3 g6 3.Bg2 Bg7 4.c4 c6 5.cxd5 cxd5 6.O-O Nf6 7.d4 O-O 8.Nc3 Nbd7
9.Ne5 Nb6 10.a4 e6 11.b3 Nfd7 12.Nxd7 Bxd7 13.Ba3 Re8 14.Qd3 a6 15.Rac1 Bc6
16.Rfd1 Bf8 17.Bxf8 Rxf8 18.h4 Rc8 19.Qd2 Qd6 20.Na2 Qa3 21.Qb4 Qxb4 22.Nxb4 Bd7
23.Nd3 Rfd8 24.Nc5 Rc7 25.e3 Rdc8 26.a5 Na8 27.Bf1 Be8 28.Rc2 Kf8 29.Rdc1 Ke7
30.Bd3 Rd8 31.Kg2 Bb5 32.Bxb5 axb5 33.Ra2 Rdc8 34.Rca1 Kd6 35.b4 Re7 36.g4 h6
37.Rc2 Rb8 38.a6 b6 39.Nb7+ Kd7 40.Rac1 Ree8 41.Kf3 f6 42.Rc6 Ke7 43.Nd6 Rbd8
44.Nxe8  1-0

[Event "14th Asian Cities"]
[Site "Tagaytay City PHI"]
[Date "2004.03.27"]
[Round "9"]
[White "Faraj,Y"]
[Black "Dableo,R"]
[Result "0-1"]
[WhiteElo "2221"]
[BlackElo "2426"]

1.Nf3 d5 2.g3 c6 3.d4 Nf6 4.Bg2 Bf5 5.O-O h6 6.c4 e6 7.Nc3 Be7 8.Ne5 O-O
9.cxd5 exd5 10.Bf4 Nbd7 11.Qb3 Qb6 12.Nxd7 Nxd7 13.Qxb6 Nxb6 14.b3 Rfe8 15.Be3 Ba3
16.Bf3 a5 17.Bc1 Bb4 18.Bb2 a4 19.Nxa4 Nxa4 20.bxa4 Rxa4 21.a3 Bd6 22.Rfc1 Rea8
23.Rc3 Bd7 24.e4 dxe4 25.Bxe4 Be6 26.Re3 R4a5 27.Rc3 Be7 28.Re3 Rb5 29.Re2 Bf6
30.Rc1 Rd8 31.Rc5 Rb3 32.Rd2 Kf8 33.a4 Be7 34.Rc1 Bg5 35.f4 Bf6 36.Kg2 Bd5
37.Bxd5 Rxd5 38.Rc4 Ke8 39.Kf1 Kd7 40.Rdc2 h5 41.Ke2 Ke6 42.Bc3 Kf5 43.Kd3 Kg4
44.Ke4 Kh3 45.a5 Ra3 46.Bb4 Ra4 47.Kd3 Bxd4 48.Rxd4 Rxd4+ 49.Kxd4 Rxb4+ 50.Ke3 g6
51.Rd2 Rb3+ 52.Ke4 Ra3 53.Rb2 Rxa5 54.Rxb7 f5+ 55.Kf3 Ra3+ 56.Kf2 Kxh2 57.Rc7 Rc3
58.Rg7 Rxg3 59.Rc7 Rc3  0-1

[Event "Bundesliga 2003-4"]
[Site "Hamburg GER"]
[Date "2004.03.28"]
[Round "13"]
[White "Appel,R"]
[Black "Gustafsson,J"]
[Result "1/2-1/2"]
[WhiteElo "2513"]
[BlackElo "2572"]

1.Nf3 d5 2.g3 Bg4 3.Bg2 Nd7 4.O-O e6 5.d3 Bd6 6.e4 Ne7 7.Qe1 c6 8.b3 O-O
9.Bb2 Qb6 10.Nc3 Rae8 11.Kh1 Qc7 12.Nd2 f6 13.f4 Bh5 14.Nd1 b5 15.Ne3 Kh8
16.d4 e5 17.fxe5 fxe5 18.exd5 cxd5 19.Rxf8+ Rxf8 20.dxe5 Bxe5 21.Bxe5 Qxe5
22.Nxd5 Nxd5 23.Qxe5 Nxe5 24.Bxd5 Rd8 25.Rf1 g5 26.c4 bxc4 27.bxc4 Nxc4 28.Bxc4 Rxd2
29.Kg1 Be2  1/2-1/2

[Event "TCh-FRA Nat1 GpB"]
[Site "Montpellier FRA"]
[Date "2004.04.02"]
[Round "5"]
[White "Salaun,Y"]
[Black "Guidarelli,L"]
[Result "1-0"]
[WhiteElo "2345"]
[BlackElo "2449"]

1.Nf3 d5 2.g3 g6 3.Bg2 Bg7 4.O-O e5 5.d3 Nc6 6.Nbd2 Nge7 7.c3 a5 8.e4 O-O
9.exd5 Nxd5 10.Re1 Nb6 11.Ne4 h6 12.Be3 Kh7 13.Qc2 f5 14.Ned2 Be6 15.Bxb6 cxb6
16.Nxe5 Nxe5 17.d4 Bd5 18.dxe5 Bxg2 19.Kxg2 Qd5+ 20.Nf3 Rae8 21.Qd1 Qc5 22.Qd4 Re6
23.Rad1 Rfe8 24.Qxc5 bxc5 25.Rd5 b6 26.h4 a4 27.Re3 Kg8 28.Kf1 a3 29.bxa3 g5
30.hxg5 hxg5 31.Nxg5 Rxe5 32.Rdxe5 Rxe5 33.Rxe5 Bxe5 34.c4 Kg7 35.a4 Kf6
36.f4 Bc3 37.Ke2 Bb2 38.Nf3 Ke6 39.Nh4 Bd4 40.Ng2  1-0

[Event "TCh-CZE Extraliga 2003-4"]
[Site "Czech Rep CZE"]
[Date "2004.04.03"]
[Round "10"]
[White "Pribyl,Jo"]
[Black "Voloshin,L"]
[Result "1/2-1/2"]
[WhiteElo "2371"]
[BlackElo "2522"]

1.Nf3 d5 2.g3 c6 3.b3 Bf5 4.Bb2 h6 5.Bg2 e6 6.d3 Nf6 7.Nbd2 Nbd7 8.O-O Bh7
9.Qe1 Be7 10.e4 O-O 11.Qe2 a5 12.a3 Qb6 13.h3 a4 14.b4 c5 15.Rfb1 Qc7 16.c4 dxe4
17.dxe4 e5 18.Bc3 Rfe8 19.Rb2 Bd6 20.Nh4 Nf8 21.Nf5  1/2-1/2

[Event "TCh-FRA Nat1 GpB"]
[Site "Montpellier FRA"]
[Date "2004.04.03"]
[Round "6"]
[White "Anic,D"]
[Black "Lacrosse,M"]
[Result "1-0"]
[WhiteElo "2454"]
[BlackElo "2235"]

1.Nf3 d5 2.g3 Nf6 3.Bg2 c6 4.b3 Bg4 5.Bb2 Nbd7 6.O-O e6 7.d3 Bd6 8.Nbd2 O-O
9.h3 Bh5 10.e4 e5 11.Qc1 Re8 12.Nh4 Bf8 13.Re1 dxe4 14.dxe4 Qc7 15.Bc3 a5
16.a4 Bb4 17.Bxb4 axb4 18.Nc4 Nc5 19.Qd2 Na6 20.Nf5 Rad8 21.Qg5 Bg6 22.Nce3 Re6
23.Rad1 Nc5 24.Rxd8+ Qxd8 25.Rd1 Qf8 26.f3 Re8 27.Nc4 Ne6 28.Nh6+ gxh6 29.Qxf6 Qc5+
30.Kh2 Nd4 31.f4 Nxc2 32.f5 Nd4 33.fxg6 hxg6 34.Nd6 Rf8 35.Rf1  1-0

[Event "77th ch-city"]
[Site "St Petersburg RUS"]
[Date "2004.04.04"]
[Round "4"]
[White "Loginov,Va"]
[Black "Klimov,S"]
[Result "1/2-1/2"]
[WhiteElo "2516"]
[BlackElo "2520"]

1.Nf3 d5 2.g3 g6 3.d4 Nf6 4.Bg2 Bg7 5.c4 dxc4 6.Qa4+ Nfd7 7.Nbd2 a6 8.Qxc4 Nc6
9.Nb3 O-O 10.O-O a5 11.a4 Nb6 12.Qc2 Nd5 13.Bg5 Ndb4 14.Qd2 Bg4 15.Rfd1 Qd5
16.Ra3 Qf5 17.d5 Rfd8 18.e4 Qc8 19.Rc1 f6 20.Be3 e6 21.Ne1 exd5 22.exd5 Ne7
23.d6 Nec6 24.Bc5 cxd6 25.Bb6 Re8 26.Nxa5 Re2 27.Nxc6 Rxd2 28.Ne7+ Kf8 29.Nxc8 Rxc8
30.Rxc8+ Bxc8 31.Rc3 Bd7 32.b3 Rd1 33.Kf1 f5 34.Rc7 Be6 35.Ba5 Nc6 36.Bxc6 bxc6
37.Rxc6 Bxb3 38.Bb4 Bxa4 39.Rxd6  1/2-1/2

[Event "Open ch-NOR"]
[Site "Oslo NOR"]
[Date "2004.04.07"]
[Round "5"]
[White "Osttveit,M"]
[Black "Guddahl,V"]
[Result "1/2-1/2"]
[WhiteElo "2068"]
[BlackElo "2172"]

1.g3 d5 2.Nf3 c6 3.Bg2 Nf6 4.O-O Bg4 5.h3 Bxf3 6.Bxf3 Nbd7 7.d3 g6 8.Nd2 Bg7
9.e4 O-O 10.Qe2 Qc7 11.Bg2 e5 12.Rb1 Rfe8 13.b4 a5 14.a3 axb4 15.axb4 dxe4
16.dxe4 h5 17.Qc4 b5 18.Qb3 Bh6 19.c4 Bxd2 20.Bxd2 Nb6 21.cxb5 cxb5 22.Bg5 Nh7
23.Be3 Nc4 24.Rfc1 Qb7 25.Ra1 Nf8 26.f4 h4 27.f5 hxg3 28.Bc5 Nd7 29.fxg6 fxg6
30.Qxg3 Nxc5 31.bxc5 Kg7 32.Rxa8 Qxa8 33.Rd1 Rd8 34.Rd5 Qa1+ 35.Kh2 Rxd5
36.exd5 Qd4 37.c6 Qf4 38.Qxf4 exf4 39.Bf1 Nd6 40.Bd3 Kf6 41.h4 b4 42.Kg2 g5
43.hxg5+ Kxg5 44.Kf3 b3 45.Bb1 b2 46.Bd3 Nb5 47.Bb1 Nd6  1/2-1/2

[Event "Asian U18g"]
[Site "Tehran IRI"]
[Date "2004.04.07"]
[Round "6"]
[White "Karavade,E"]
[Black "Hoang Thi Bao Tram"]
[Result "1/2-1/2"]
[WhiteElo "2270"]
[BlackElo "2177"]

1.Nf3 d5 2.g3 c5 3.Bg2 Nc6 4.d4 e6 5.O-O Nf6 6.c4 dxc4 7.Qa4 Qa5 8.Qxc4 Be7
9.Nc3 O-O 10.dxc5 Qxc5 11.Qxc5 Bxc5 12.Bg5 Bd7 13.Rfd1 Rfd8 14.Nd2 h6 15.Bxf6 gxf6
16.Nde4 Be7 17.Nd6 Bxd6 18.Rxd6 Kf8 19.Rad1  1/2-1/2

[Event "30th ch-BAN"]
[Site "Dhaka BAN"]
[Date "2004.04.08"]
[Round "11"]
[White "Hossain,P"]
[Black "Uddin,S"]
[Result "0-1"]
[WhiteElo "2258"]
[BlackElo "2254"]

1.Nf3 d5 2.g3 Bg4 3.Bg2 Nd7 4.O-O e6 5.c4 c6 6.b3 Ngf6 7.Bb2 Be7 8.d3 O-O
9.Nbd2 a5 10.Qc2 a4 11.e4 a3 12.Bc3 Nc5 13.Rad1 Na6 14.h3 Bh5 15.g4 Bg6 16.Rfe1 Re8
17.Nf1 Nb4 18.Qb1 Qb6 19.Ne5 d4 20.Bd2 Ra5 21.f4 Rxe5 22.fxe5 Nd7 23.Bf4 Qc5
24.Nh2 Nxe5 25.Nf3 Nxf3+ 26.Bxf3 Bg5 27.Bg3 e5 28.Kg2 Qe7 29.Rf1 Bh4 30.Be1 Bxe1
31.Rdxe1 Qh4 32.Be2 c5 33.Rf2 Ra8 34.Bf1 h5 35.Qd1 Ra6 36.Qf3 Nxa2 37.gxh5 Bxh5
38.Qf5 Rg6+ 39.Kh1 Rg5 40.Qc8+ Kh7 41.Ree2 Bxe2 42.Rxe2 Nc3 43.Rg2 a2  0-1

[Event "10th WDB Easter Open"]
[Site "Essen GER"]
[Date "2004.04.08"]
[Round "2"]
[White "Konietzka,L"]
[Black "Straeter,T"]
[Result "0-1"]
[WhiteElo "2088"]
[BlackElo "2335"]

1.Nf3 d5 2.g3 g6 3.Bg2 Bg7 4.c4 dxc4 5.Na3 Nc6 6.Nxc4 e5 7.O-O Nge7 8.d3 O-O
9.Rb1 Nd5 10.Bd2 Re8 11.Ng5 Nd4 12.e3 Nc6 13.Qb3 a5 14.Nxa5 Nxa5 15.Qxd5 Qxg5
16.Bxa5 Be6 17.Qb5 c6 18.Qc5 Bf8 19.Qc3 e4 20.Bb6 Qb5 21.Bd4 exd3 22.Rfd1 c5
23.Bf6 Bxa2 24.Ra1 Bb3 25.Rxa8 Rxa8 26.Rxd3 Ra1+ 27.Bf1 Bc4 28.Kg2 Rxf1  0-1

[Event "Pobeskydi Arcimpex Cup"]
[Site "Frydek Mistek CZE"]
[Date "2004.04.08"]
[Round "1"]
[White "Petran,Pe"]
[Black "Matras,A"]
[Result "1-0"]
[WhiteElo "2395"]
[BlackElo "2269"]

1.g3 d5 2.Nf3 Nf6 3.Bg2 c6 4.d3 Bg4 5.Nbd2 e6 6.O-O Be7 7.b3 O-O 8.Bb2 Nbd7
9.h3 Bh5 10.e4 dxe4 11.dxe4 Qc7 12.e5 Nd5 13.a3 b5 14.Qe2 Nc5 15.Rac1 Bg6
16.Bd4 b4 17.axb4 Nxb4 18.Bxc5 Bxc5 19.Nh4 Rfd8 20.Nxg6 hxg6 21.Nc4 Rd7 22.Kh2 Rad8
23.f4 Nd5 24.Qf3 Nb6 25.Nxb6 axb6 26.h4 Rd2 27.Kh3 Ba3 28.Ra1 Bb2 29.Ra2 Rxc2
30.Rd1 Rcd2 31.Rxd2 Rxd2 32.Qxc6 Qxc6 33.Bxc6 Bc3 34.Ra8+ Kh7 35.Rf8 f6 36.exf6 Bxf6
37.Re8 Rb2 38.Be4 Re2 39.Rxe6 Rd2 40.h5 Rd8 41.Rxb6  1-0

[Event "Cogas Open"]
[Site "Almelo NED"]
[Date "2004.04.09"]
[Round "2"]
[White "Schebler,G"]
[Black "Lahaye,R"]
[Result "1-0"]
[WhiteElo "2480"]
[BlackElo "2274"]

1.Nf3 d5 2.g3 c5 3.Bg2 Nc6 4.d4 Nf6 5.O-O e6 6.c4 Be7 7.cxd5 Nxd5 8.dxc5 Bxc5
9.Qc2 Qe7 10.a3 a5 11.e4 Nc7 12.e5 Nd5 13.Bg5 f6 14.exf6 gxf6 15.Bh6 Bd7
16.Nbd2 Ba7 17.Rad1 Rc8 18.Qb3 Rg8 19.Nh4 Nd4 20.Qa2 Bc6 21.Ndf3 Rg4 22.Nxd4 Rxd4
23.Nf5 exf5 24.Rxd4 Bxd4 25.Bxd5 Bb5 26.Qb3 Bxf1 27.Kxf1 Rd8 28.Bxb7 Qf7
29.Bc6+ Ke7 30.Qb7+ Ke6 31.Qb5 Qa7 32.Bf3 Qc5 33.Qa6+ Ke7 34.Qb7+ Ke6 35.Bd1  1-0

[Event "6th Foxwoods Open"]
[Site "Connecticut USA"]
[Date "2004.04.09"]
[Round "5"]
[White "Foygel,I"]
[Black "Formanek,E"]
[Result "1-0"]
[WhiteElo "2462"]
[BlackElo "2304"]

1.Nf3 d5 2.g3 Nc6 3.d4 Bg4 4.Bg2 e6 5.c4 Be7 6.Nc3 dxc4 7.O-O Nf6 8.Qa4 O-O
9.Rd1 Nd5 10.Qxc4 Nb6 11.Qd3 Nb4 12.Qb1 Bh5 13.e4 Bf6 14.Ne2 Qd7 15.Be3 Nc4
16.Bf4 g5 17.Qc1 g4 18.Ne5 Bxe5 19.dxe5 Qb5 20.Nd4 Qa6 21.Bf1  1-0